| 000 | 00804cam a2200277 a 4500 | ||
|---|---|---|---|
| 001 | 14258 | ||
| 003 | BD-JhCC | ||
| 005 | 20250225114515.0 | ||
| 008 | 960620s1997 njua b 001 0 eng | ||
| 020 | _a0135225833 | ||
| 035 | _a(BD-JhCC)14258 | ||
| 040 |
_aDLC _cDLC _dDLC |
||
| 041 | _aenglish | ||
| 050 | 0 | 0 |
_aTK5101 _b.C69 1997 |
| 082 | 0 | 0 |
_a621.382 _220 _bCOU 1997 |
| 100 | 1 | _aCouch, Leon W. | |
| 245 | 1 | 0 |
_aDigital and analog communication systems / _cLeon W. Couch II. |
| 250 | _a5th ed. | ||
| 260 |
_aUpper Saddle River, NJ : _bPrentice Hall, _c1997. |
||
| 300 |
_axxv, 742 p. : _bill. ; _c23 cm. |
||
| 504 | _aIncludes bibliographical references (p. 703-713) and index. | ||
| 650 | 0 | _aTelecommunication systems. | |
| 650 | 0 | _aDigital communications. | |
| 942 |
_2ddc _cBK |
||
| 999 |
_c14258 _d14258 |
||